Animal Quiz - Statistics

General Stats
  • This quiz has been taken 15 times
  • The average score is 7 of 15
Answer Stats
Hint Answer % Correct
What is the national bird of New Zealand? Kiwi
91%
Bamboo is the primary food of what animal? Panda
82%
What animal is an arachnid? Spider or Scorpion
82%
What lizard can move both of its eyes individually? Chameleon
73%
What small primates are native to a large island off the coast of Africa? lemurs
64%
What animal group do possums, koalas, and quokkas fall into? Marsupials
64%
What is the name of the lion in The Chronicles Of Narnia book series by C. S. Lewis? Aslan
45%
What is the most intelligent dog breed? Border Collie
45%
What two animals feature on the Mexican flag? Eagle and Serpant
45%
What is the strongest beetle? Dung Beetle
36%
What dog breed is classified as the least intelligent? Afghan Hound
27%
What is the name of Dumbos mouse friend? Timothy Q. Mouse
27%
How many teeth does a rabbit have? 28
18%
What animals are the Canary Islands named after? Dogs
18%
A Fallabella called Thumbelina who stands at 43 centermetres high is what type of animal? Miniature Horse
18%
No matching quizzes found
Score Distribution
Percent of People with Each Score
Percentile by Number Answered
Your Score History
You have not taken this quiz